|
|
|
|
| LEADER |
01889nam a2200517 a 4500 |
| 001 |
nkc20102150096 |
| 003 |
CZ PrNK |
| 005 |
20110223082414.0 |
| 007 |
ta |
| 008 |
101112s2010 xr a e 001 0 cze |
| 015 |
|
|
|a cnb002150096
|
| 020 |
|
|
|a 978-80-251-3306-4
|q (váz.)
|
| 035 |
|
|
|a (OCoLC)697267917
|
| 040 |
|
|
|a BOA001
|b cze
|d ABA001
|
| 043 |
|
|
|a e-xr---
|
| 045 |
|
|
|a x5x5
|
| 072 |
|
7 |
|a 629
|x Dopravní prostředky
|2 Konspekt
|9 19
|
| 080 |
|
|
|a 629.326
|2 MRF
|
| 080 |
|
|
|a (437.3)
|2 MRF
|
| 080 |
|
|
|a (048.8)
|2 MRF
|
| 080 |
|
|
|a (084.11)
|2 MRF
|
| 100 |
1 |
|
|a Pavlůsek, Alois
|7 xx0027446
|4 aut
|
| 245 |
1 |
0 |
|a Jawa-ČZ :
|b motocykly národní řady (r. v. 1954-1959) /
|c Alois Pavlůsek, Ondřej Pavlůsek
|
| 250 |
|
|
|a Vyd. 1.
|
| 260 |
|
|
|a Brno :
|b Computer Press,
|c 2010
|
| 300 |
|
|
|a 128 s. :
|b il. (některé barev.) ;
|c 25 cm
|
| 490 |
1 |
|
|a Motoalbum
|
| 504 |
|
|
|a Obsahuje bibliografii a rejstřík
|
| 648 |
|
4 |
|a 1954-1959
|
| 650 |
0 |
7 |
|a Jawa-ČZ (motocykly)
|7 ph622013
|2 czenas
|
| 650 |
0 |
7 |
|a motocykly
|7 ph115359
|z Česko
|y 20. století
|2 czenas
|
| 650 |
0 |
9 |
|a Jawa-ČZ motorcycle
|2 eczenas
|
| 650 |
0 |
9 |
|a motorcycles
|z Czechia
|y 20th century
|2 eczenas
|
| 655 |
|
7 |
|a přehledy
|7 fd133202
|2 czenas
|
| 655 |
|
7 |
|a obrazové publikace
|7 fd132947
|2 czenas
|
| 655 |
|
9 |
|a surveys
|2 eczenas
|
| 655 |
|
9 |
|a pictorial works
|2 eczenas
|
| 700 |
1 |
|
|a Pavlůsek, Ondřej
|7 xx0027447
|4 aut
|
| 830 |
|
0 |
|a Motoalbum (Computer Press)
|0 s
|
| 856 |
4 |
1 |
|u http://www.digitalniknihovna.cz/mzk/uuid/uuid:36e1c2e0-f9ed-11e7-b1a1-005056827e52
|y Digitalizovaný dokument
|x NDK
|
| 910 |
2 |
|
|a BOA001
|b 2-1253.635
|
| 990 |
|
|
|a BK
|
| 995 |
|
|
|a 01
|
| 991 |
|
|
|b 201012
|c NOV
|e n
|j 629.32 PAV
|
| 996 |
6 |
|
|b 2610455661
|c 2-1253.635
|l MZK
|r Sklad / do 1 hodiny
|n 1
|p p.v.
|w 001159894
|u 000010
|a 1
|e BOA001
|j MZK50
|s P
|
| 996 |
7 |
|
|b 2610455662
|c 2-1253.635
|l MZK
|r Sklad / do 1 hodiny
|n 9
|p p.v.
|w 001159894
|u 000020
|a 1
|e BOA001
|j MZK50
|s A
|